000 00318nam a22001337a 4500
008 170601b xxu||||| |||| 00| 0 eng d
020 _a9780801025495
041 _aeng
080 _a93
100 _a17
101 _aSHH
245 _aANALYTICAL CONCORDANCE OF THE GREEK NEW TESTAMENT
_cCLAPP, P.S
942 _2udc
_cBK
999 _c15526
_d15526